companies by country - Statistics

General Stats
  • This quiz has been taken 70 times
  • The average score is 13 of 16
Answer Stats
Hint Answer % Correct
Samsung South Korea
100%
Nokia Finland
97%
Haribo Germany
95%
Nestlé Switzerland
93%
Prada Italy
92%
ExxonMobil United States
92%
Lada Russia
90%
Unilever United Kingdom
90%
Lenovo China
89%
H&M Sweden
85%
Holden Australia
84%
Ubisoft France
84%
Maersk Denmark
79%
Red Bull Austria
70%
Reliance India
52%
Telkom South Africa
38%
No matching quizzes found
Score Distribution
Percent of People with Each Score
Percentile by Number Answered
Your Score History
You have not taken this quiz